000 01038cam a2200253 a 4500
001 000017566
005 20200929165144.0
008 730404s1964 ve 000 j spa d
035 _a(DLC) 70454768
035 _a(OCoLC)597494
040 _aDO-SdBNP
_bspa
_cOAU
_dOCoLC
_dPPiU
_dDLC
_dBNPHU
082 _aV863
_bA728t
100 1 _aArmellada, Cesáreo de,
_q(Fray Cesáreo de Armellada),
_d1908-1996.
_938328
245 1 0 _aTauron panton; :
_bcuentos y leyendas de los indios pemón, Gran Sabana, Estado Bolívar, Venezuela /
_cCesáreo de Armellada.
260 _aCaracas :
_bEdiciones del Ministerio de Educación ;
_bDirección de Cultura y Bellas Artes ;
_bDepartamento de Publicaciones,
_c1964.
300 _a274 p, ;
_c22 cm.
490 1 _aBiblioteca venezolana de cultura
650 4 _aCuentos venezolanos
_93815
650 4 _aIndigenas de américa del sur
_xLeyenda
_938329
650 4 _aLiteratura venezolana
_93816
830 0 _aBiblioteca venezolana de cultura.
_98075
910 _aCatalogación por copia / LC
049 _aBNGR
999 _c17091
_d17091